| 000 | 00657nam a2200169 i 4500 | ||
|---|---|---|---|
| 001 | 35238 | ||
| 003 | ES-MaACL | ||
| 005 | 20250927163932.0 | ||
| 007 | t| | ||
| 008 | 150611s1896 sp ||||1| spa d | ||
| 245 | 0 | 4 |
_aLas obligaciones de Osuna _b: historia de un negocio : apéndice publicado por la Comisión ejecutiva de obligacionistas. |
| 260 |
_aMadrid : _b[s.n.], _c1896 ( _fEst. tip. de Fortanet) |
||
| 300 |
_a105 p. ; _c27 cm. |
||
| 600 | 1 | 7 |
_aOsuna, Mariano Téllez-Girón y Beaufort, _cDuque de, _d1814-1882 _2 _9130737 |
| 852 |
_aES-MaACL _jT-820-F-7 _z.- Enc. en un vol. facticio conservando la enc. original |
||
| 999 |
_c35238 _d35238 |
||